Normale Ansicht MARC-Ansicht ISBD

Zwei Nummern kleiner. (Titelsatznr. 235896)

[ MARC ]
MARC-Details
000 -Satzkennung
Kontrollfeld mit fester Länge 00679nab a2200205 4500
001 - Kontrollnummer
Kontrollfeld 29311
003 - Kontrollnummer Identifier
Kontrollfeld OSt
005 - Datum und Zeit der letzten Transaktion
Kontrollfeld 20210720113354.0
007 - Feld mit fester Länge zur physischen Beschreibung - Allgemeine Information
Kontrollfeld mit fester Länge tu
008 - Feld mit fester Länge zur physischen Beschreibung - Allgemeine Angaben
Kontrollfeld mit fester Länge 110905s1944|||||||
040 ## - Katalogisierungsquelle
Original-Katalogisierungsstelle DE-2950
Übertragungsstelle DE-2950
041 ## - Sprachcode
Sprachcode des Textes/der Tonspur oder des separaten Titels ger
245 04 - Titel
Titel Zwei Nummern kleiner.
Zusatz zum Titel Stadt wird 768: Der bunte Hering fiel aus. Doch im kleinen, erlaubten Rahmen ließen es sich auch einige Bürger am Sonnabend nicht nehmen, das Jubiläum zu feiern /
Verfasserangabe etc. René Matschkowiak
264 ## - Produktion, Veröffentlichung, Distribution, Herstellung und Urheberrechtsvermerk
Datum der Herstellung, der Veröffentlichung, des Vertriebs oder des Urheberschutzvermerks 2021
500 ## - Allgemeine Fußnote
Allgemeine Fußnote Format: 1
653 ## - Indexierungsterm - Nicht normiert
Nicht-normierter Term Frankfurt (Oder)
653 ## - Indexierungsterm - Nicht normiert
Nicht-normierter Term Stadtfest / 768. Geburtstag
773 0# - Übergeordnete Einheit
Verknüpfungsangaben 32. Jahrgang, Nr. 159 vom 12.07.2021, S. 13: Foto
Titel Märkische Oderzeitung
942 ## - Zusätzliche Felder (Koha)
Klassifikation oder Aufstellungssystematik Andere/Generische Klassifikation
Koha-Medientyp Aufsätze
Exemplare
Ausgeschieden Verloren Klassifikation oder Aufstellungssystematik Beschädigt Nicht entleihbar Heimatbibliothek Aufenthaltsbibliothek Aufstellungsort Erwerbungsdatum Anzahl Ausleihen Signatur Letzte Aktivität Preis gültig von Koha-Medientyp
    Andere/Generische Klassifikation     Stadtarchiv Frankfurt (Oder) | Archivbibliothek Stadtarchiv Frankfurt (Oder) | Archivbibliothek Magazin 20/07/2021   Z2 20/07/2021 20/07/2021 Aufsätze